Hindi sahitya ka dusra itihas / (Record no. 5111)

MARC details
000 -LEADER
fixed length control field 00396nam a2200157Ia 4500
005 - DATE AND TIME OF LATEST TRANSACTION
control field 20241001140415.0
008 - FIXED-LENGTH DATA ELEMENTS--GENERAL INFORMATION
fixed length control field 240806s9999||||xx |||||||||||||| ||eng||
041 ## - LANGUAGE CODE
Language code of text/sound track or separate title eng
082 ## - DEWEY DECIMAL CLASSIFICATION NUMBER
Classification number 891.4309
Item number SINH
100 ## - MAIN ENTRY--AUTHOR NAME
Personal name Singh, Bachchan
245 #0 - TITLE STATEMENT
Title Hindi sahitya ka dusra itihas /
Statement of responsibility, etc Singh, Bachchan
260 ## - PUBLICATION, DISTRIBUTION, ETC. (IMPRINT)
Name of publisher Radhakrishan Prakashan, New Delhi
300 ## - PHYSICAL DESCRIPTION
Number of Pages 535p.
650 ## - SUBJECT ADDED ENTRY--TOPICAL TERM
Topical Term Hindi
942 ## - ADDED ENTRY ELEMENTS (KOHA)
Koha item type Books
Holdings
Withdrawn status Lost status Damaged status Not for loan Permanent Location Current Location Shelving location Date acquired Cost, normal purchase price Full call number Accession Number Koha item type
        Central Library, CMP Central Library, CMP General stacks 07/08/2024 995.00 891.4309 SINH 85017 Books
        Central Library, CMP Central Library, CMP General stacks 07/08/2024 995.00 891.4309 SINH 85016 Books
        Central Library, CMP Central Library, CMP General stacks 07/08/2024 995.00 891.4309 SINH 85015 Books
        Central Library, CMP Central Library, CMP General stacks 07/08/2024 995.00 891.4309 SINH 85014 Books
        Central Library, CMP Central Library, CMP General stacks 07/08/2024 995.00 891.4309 SINH 85013 Books
        Central Library, CMP Central Library, CMP General stacks 07/08/2024 295.00 891.4309 SINH 83027 Books
        Central Library, CMP Central Library, CMP General stacks 07/08/2024 295.00 891.4309 SINH 83026 Books
        Central Library, CMP Central Library, CMP General stacks 07/08/2024 295.00 891.4309 SINH 80460 Books
        Central Library, CMP Central Library, CMP General stacks 07/08/2024 295.00 891.4309 SINH 80459 Books
        Central Library, CMP Central Library, CMP General stacks 07/08/2024 550.00 891.4309 SINH 76499 Books

Implemented and Maintained by Dr. Punit Kumar Singh

For any Suggestions/Queries, contact the library or email us at: library.cmpdc@gmail.com OR library@cmpcollege.ac.in

Website/OPAC is best viewed in Mozilla Browser at a resolution of 1366x768.